[Event "LSS SL-2007-0-00063"]
[Site "LSS email"]
[Date "2007.02.01"]
[Round "?"]
[White "Van den Berg, Eddy"]
[Black "Wurm, Tamas"]
[Result "0-1"]
[WhiteElo "1120"]
[BlackElo "1113"]
[PlyCount "26"]
[EventDate "2007.01.28"]
[EventType "tourn (corr)"]
[EventRounds "6"]
[EventCountry "GER"]
[SourceTitle "Corr 2015"]
[Source "ChessBase"]
[SourceDate "2015.07.17"]
[SourceVersion "1"]
[SourceVersionDate "2015.07.17"]
[SourceQuality "1"]

1. e4 e5 2. Nf3 Nc6 3. Bc4 Bc5 4. c3 Nf6 5. d3 h6 6. 0-0 0-0 7. Re1 d6 8. h3 Ne7 9. Be3 Bxe3 10. Rxe3 Ng6 11. Nbd2 Nf4 12. Qb3 Rb8 13. Ree1 N6h5 0-1

[Event "LSS SL-2007-0-00063"]
[Site "LSS email"]
[Date "2007.01.31"]
[Round "?"]
[White "Ghisi, Stefano"]
[Black "Van den Berg, Eddy"]
[Result "1-0"]
[WhiteElo "1600"]
[BlackElo "1120"]
[PlyCount "25"]
[EventDate "2007.01.28"]
[EventType "tourn (corr)"]
[EventRounds "6"]
[EventCountry "GER"]
[SourceTitle "Corr 2015"]
[Source "ChessBase"]
[SourceDate "2015.07.17"]
[SourceVersion "1"]
[SourceVersionDate "2015.07.17"]
[SourceQuality "1"]

1. e4 e5 2. Nf3 Nc6 3. Bc4 Bc5 4. d3 d6 5. Nc3 Bg4 6. Na4 Bb6 7. h3 Bh5 8. Bg5 f6 9. Nxb6 axb6 10. Be3 Nge7 11. 0-0 Qd7 12. Bb3 0-0-0 13. Nxe5 1-0

[Event "LSS SL-2006-0-00054"]
[Site "LSS email"]
[Date "2006.12.13"]
[Round "?"]
[White "Oppenheimer, Albert"]
[Black "Van den Berg, Eddy"]
[Result "0-1"]
[WhiteElo "1347"]
[BlackElo "1120"]
[PlyCount "23"]
[EventDate "2006.12.03"]
[EventType "tourn (corr)"]
[EventRounds "10"]
[EventCountry "GER"]
[SourceTitle "Corr 2015"]
[Source "ChessBase"]
[SourceDate "2015.07.17"]
[SourceVersion "1"]
[SourceVersionDate "2015.07.17"]
[SourceQuality "1"]

1. e4 e5 2. Nf3 Nc6 3. Bb5 a6 4. Ba4 Nf6 5. d3 h6 6. Bxc6 bxc6 7. Nxe5 Bd6 8. Nc4 Bc5 9. Be3 Ba7 10. Bxa7 Rxa7 11. Nc3 0-0 12. 0-0 0-1

[Event "CFriend RI-2005-0-00042 email"]
[Site "Chessfriend.com"]
[Date "2005.10.13"]
[Round "1"]
[White "Starace, Umberto"]
[Black "Van den Berg, Eddy"]
[Result "1-0"]
[WhiteElo "1960"]
[BlackElo "1631"]
[PlyCount "35"]
[EventDate "2005.10.13"]
[EventType "tourn (corr)"]
[EventRounds "6"]
[SourceTitle "Corr 2008"]
[Source "ChessBase"]
[SourceDate "2008.06.24"]
[SourceVersion "1"]
[SourceVersionDate "2008.06.24"]
[SourceQuality "1"]

1. e4 e5 2. Nf3 Nc6 3. Bc4 Bc5 4. b4 Bxb4 5. c3 Bc5 6. d4 exd4 7. cxd4 Bb4+ 8. Nbd2 Nf6 9. d5 Ne7 10. 0-0 h6 11. Bb2 Ng6 12. e5 Nh7 13. Ne4 d6 14. Qa4+ Bd7 15. Qxb4 Rb8 16. exd6 cxd6 17. Bxg7 Rg8 18. Nxd6+ 1-0

[Event "CFriend AT-2005-0-00279 email"]
[Site "Chessfriend.com"]
[Date "2005.08.30"]
[Round "1"]
[White "Van den Berg, Eddy"]
[Black "Jotev, Yassen"]
[Result "0-1"]
[WhiteElo "1631"]
[BlackElo "2080"]
[PlyCount "54"]
[EventDate "2005.??.??"]
[EventType "tourn (corr)"]
[EventRounds "2"]
[SourceTitle "Corr 2024"]
[Source "ChessBase"]
[SourceDate "2023.10.19"]
[SourceVersion "1"]
[SourceVersionDate "2023.10.19"]
[SourceQuality "1"]

1. e4 e5 2. Nf3 Nc6 3. Bc4 Bc5 4. c3 Nf6 5. d3 d6 6. h3 h6 7. 0-0 0-0 8. Re1 a6 9. d4 Ba7 10. Bb3 Re8 11. Qd3 Na5 12. Bc2 c5 13. b3 b5 14. Nbd2 cxd4 15. cxd4 Bb7 16. d5 Rc8 17. Bb2 Re7 18. Rac1 Rec7 19. Bb1 Rxc1 20. Rxc1 Rxc1+ 21. Bxc1 Qb6 22. Qe2 Qc5 23. a3 Qxc1+ 24. Kh2 Qxa3 25. Bc2 Qc5 26. Bd1 Qxf2 27. Qd3 Nh5 0-1

[Event "CFriend AT-2005-0-00142 email"]
[Site "Chessfriend.com"]
[Date "2005.04.21"]
[Round "1"]
[White "Van den Berg, Eddy"]
[Black "Zhdanenia, Konstantin"]
[Result "0-1"]
[WhiteElo "1631"]
[BlackElo "2030"]
[PlyCount "78"]
[EventDate "2005.??.??"]
[EventType "tourn (corr)"]
[EventRounds "2"]
[SourceTitle "Corr 2024"]
[Source "ChessBase"]
[SourceDate "2023.10.19"]
[SourceVersion "1"]
[SourceVersionDate "2023.10.19"]
[SourceQuality "1"]

1. e4 e5 2. Nf3 f5 3. d3 Nc6 4. Nc3 Nf6 5. Bg5 Bb4 6. a3 Bxc3+ 7. bxc3 d6 8. Be2 fxe4 9. Bxf6 Qxf6 10. dxe4 0-0 11. h3 Bd7 12. 0-0 Qg6 13. g4 Bxg4 14. hxg4 Qxg4+ 15. Kh1 Rf6 16. Nh2 Qxe4+ 17. Bf3 Qf4 18. Bxc6 bxc6 19. Qd3 Raf8 20. f3 Rh6 21. Rf2 d5 22. Rg1 g6 23. Rgg2 Qc1+ 24. Rg1 Qxa3 25. Rgg2 a5 26. Kg1 a4 27. Ng4 Rh5 28. Nxe5 Rxe5 29. Rxg6+ Kh8 30. Rh2 Qc1+ 31. Kg2 Rg5+ 32. Rxg5 Qxg5+ 33. Kf2 Rf7 34. Qd4+ Rg7 35. Rh4 c5 36. Qxa4 Qg1+ 37. Ke2 Rg2+ 38. Kd3 Qd1+ 39. Ke3 Qd2# 0-1

[Event "CFriend AP-2005-Q-00004 email"]
[Site "Chessfriend.com"]
[Date "2005.02.04"]
[Round "1"]
[White "Nikel, Bogdan"]
[Black "Van den Berg, Eddy"]
[Result "1-0"]
[WhiteElo "2289"]
[BlackElo "1631"]
[PlyCount "37"]
[EventDate "2005.??.??"]
[EventType "tourn (corr)"]
[EventRounds "12"]
[SourceTitle "Corr 2024"]
[Source "ChessBase"]
[SourceDate "2023.10.19"]
[SourceVersion "1"]
[SourceVersionDate "2023.10.19"]
[SourceQuality "1"]

1. e4 e5 2. Nf3 Nc6 3. Bb5 a6 4. Ba4 Nf6 5. 0-0 b5 6. Bb3 Bc5 7. a4 Bb7 8. d3 h6 9. Nc3 0-0 10. axb5 axb5 11. Rxa8 Bxa8 12. Nxb5 Re8 13. Be3 Bxe3 14. fxe3 d6 15. Qe1 Qd7 16. Qg3 g5 17. Nxg5 Kh8 18. Rxf6 Rg8 19. Nxf7+ 1-0

[Event "CFriend AP-2005-Q-00004 email"]
[Site "Chessfriend.com"]
[Date "2005.02.04"]
[Round "1"]
[White "Van den Berg, Eddy"]
[Black "Pecotic, Kuzma"]
[Result "0-1"]
[WhiteElo "1631"]
[BlackElo "2034"]
[PlyCount "74"]
[EventDate "2005.??.??"]
[EventType "tourn (corr)"]
[EventRounds "12"]
[SourceTitle "Corr 2024"]
[Source "ChessBase"]
[SourceDate "2023.10.19"]
[SourceVersion "1"]
[SourceVersionDate "2023.10.19"]
[SourceQuality "1"]

1. e4 c5 2. Nf3 d6 3. c3 Nf6 4. d3 Nc6 5. h3 e6 6. Bg5 Be7 7. Be2 0-0 8. 0-0 e5 9. Re1 Be6 10. Nbd2 h6 11. Bh4 Nh5 12. Bxe7 Qxe7 13. Nxe5 Nxe5 14. Bxh5 Nxd3 15. Re3 Nxb2 16. Qc2 Nc4 17. Nxc4 Bxc4 18. Rd1 Qe5 19. Be2 Be6 20. a3 a6 21. Bf3 b5 22. Qd3 Rfd8 23. Ree1 Rab8 24. Rb1 Qf4 25. Rbd1 a5 26. Rb1 Bc4 27. Qd1 Re8 28. g3 Qf6 29. Re3 d5 30. Qd2 d4 31. cxd4 cxd4 32. Reb3 a4 33. R3b2 Qxf3 34. Qxd4 Bd3 35. e5 Be4 36. Kf1 Bxb1 37. Rxb1 Qh1+ 0-1